000 00775nam a2200241 a 4500
001 37438
003 BD-RjUL
005 20211209052617.0
008 150117s1976 enka b 001 0 eng
035 _a(BD-RjUL)37542
040 _aDLC
_cNhD
_dOCoLC
_dMH-A
_dOCoLC
_dUk
_dDLC
_dBD-RjUL
_beng
041 _aeng
082 _a401.9
_bNOR 1976
_223
245 1 0 _aNormal and deficient child language /
_cedited by Donald M Morehead; Ann E Morehead
260 _aLondon:
_aUniversity park press,
_c1976
300 _axi, 179 p.
_billus.
_c24 cm.
504 _aIncludes bibliographies and index.
650 _aLanguage acquisition.
_9225895
650 _aLanguage disorders in children.
_9225896
700 _aMorehead, Ann E
_9114944
942 _2ddc
_cBK
999 _c37438
_d37438